000 00315nam a2200133Ia 4500
005 20260328104303.0
008 260328s9999||||xx |||||||||||||| ||und||
100 _aMozzati, Lucas
245 0 _aRoma e Cittá del Vaticano /
_cLucas Mozzati
260 _bElecta
300 _a200 p.
650 _aROMA
942 _cBK
999 _c10649
_d10649